000 00307 a2200157 4500
001 59569
020 _a8508094841
040 _cAnchieta - Pituba
100 _aLaidlaw, Jill A.
240 1 0 _aPaul Klee
_lpor
245 1 0 _aPaul Klee
300 _a48
362 0 _a2005
650 4 _aPintura
942 _cBK
999 _c59569
_d59569